Statistics for Things With the Same Proper Name

Click here to take the quiz!

General Stats

  • This quiz has been taken 21 times
    (12 since last reset)
  • The average score is 7 of 15

Answer Stats

Thing 1 Thing 2 Name % Correct
Black Eyed Peas singerDutchess of YorkFergie
89%
Civil rights activist; surname KingFounder of the Protestant churchMartin Luther
78%
Terrorist OrganizationEgyptian goddessIsis
78%
America's first presidentAmerican scientist; surname CarverGeorge Washington
78%
TV show featuring Sheldon CooperKpop bandBig Bang
67%
US StateUS CapitalWashington
67%
Brand of books and expensive dollsTom Petty SongAmerican Girl
56%
Katy Perry songBeach Boys songCalifornia Girls
56%
Van Halen songKriss Kross songJump
56%
Airbender cartoonMovie about blue aliensAvatar
44%
Neon Trees songMuppetAnimal
33%
Teen Mom Maci's sonBritish luxury carBentley
22%
Popular restaurantRolling Stones songRuby Tuesday
11%
Teen Mom 2 dadMariner's baseball playerAdam Lind
0%
Adventure Time characterHeart songMagic Man
0%

Score Distribution

Percentile by Number Answered

Percent of People with Each Score

Your Score History

You have not taken this quiz since the last reset